000 00700nam a2200217 a 4500
005 20210223124226.0
008 010703s1992 r 000 0 eng d
020 _a9684441460
035 _aUPN01000109106
049 _aCG
050 4 _aPM3055
_bL4.3 1992
100 1 _aLeón-Portilla, Miguel,
_d1926-2019
_928975
245 1 0 _aHistoria de la literatura mexicana :
_bperíodo prehispánico /
_cMiguel León Portilla.
250 _a2a ed.
260 _aMéxico :
_bAlhambra Mexicana,
_c1992.
300 _a123 p.
650 4 _aLITERATURA FOLKLORICA -
_zMEXICO
650 4 _aLITERATURA NAHUA -
_xHISTORIA Y CRITICA
_919406
650 4 _aLITERATURA MAYA -
_xHISTORIA Y CRITICA
_99424
905 _aLibro
999 _c83017
_d83017